| 000 | 00527nam a2200217Ia 4500 | ||
|---|---|---|---|
| 003 | OSt | ||
| 005 | 20230328091345.0 | ||
| 008 | 210423s2008 xx 000 0 und d | ||
| 020 | _a100070667204 | ||
| 040 | _cAL | ||
| 041 | _aeng | ||
| 082 |
_a547 _223 _bSMIJ |
||
| 100 |
_aSMITH (Janice Gorzynski). _978541 |
||
| 245 | _aOrganic chemistry. | ||
| 250 | _a2 | ||
| 260 |
_aNew Delhi _bTata McGrawhill _c2008 |
||
| 300 |
_axxxiv,1175,I-34 _bPB |
||
| 365 |
_b465 _cINR |
||
| 906 | _achemistry. ; Organic | ||
| 942 |
_2ddc _cBK |
||
| 999 |
_c154227 _d154227 |
||